Statistics for Melhores Performances da Copa do Mundo da FIFA

Click here to take the quiz!

General Stats

  • This quiz has been taken 1,036 times
  • The average score is 9 of 10

Answer Stats

Pontos Time % Correct
237Brasil
100%
221Alemanha / Alemanha Ocidental
99%
115França
97%
156Itália
96%
144Argentina
96%
105Espanha
95%
84Uruguai
88%
108Inglaterra
85%
93Países Baixos
76%
70Suécia
46%

Score Distribution

Percentile by Number Answered

Percent of People with Each Score

Your Score History

You have not taken this quiz